| 000 | 01237cam a22003134a 4500 | ||
|---|---|---|---|
| 001 | 15856242 | ||
| 003 | PILC | ||
| 005 | 20160216104807.0 | ||
| 008 | 090806s2010 njua b 001 0 eng | ||
| 010 | _a 2009031711 | ||
| 020 | _a9780470276099 | ||
| 040 |
_aDLC _cDLC _dDLC |
||
| 050 | 0 | 0 |
_aBF 81 _b.P48 2010 |
| 082 | 0 | 0 | _a150.9 |
| 100 | 1 | _aPickren, Wade E. | |
| 245 | 1 | 2 |
_aA history of modern psychology in context / _cWade E. Pickren & Alexandra Rutherford. |
| 260 |
_aHoboken, N.J. : _bWiley, _c2010. |
||
| 300 |
_axxv, 380 pages : _billustrations ; _c25 cm. |
||
| 500 | _aIncludes bibliographical references and index. | ||
| 521 | _aPsychology | ||
| 650 | 0 |
_aPsychology _xHistory. |
|
| 700 | 1 |
_aRutherford, Alexandra, _d1971- |
|
| 856 | 4 | 2 |
_3Publisher description _uhttp://www.loc.gov/catdir/enhancements/fy0916/2009031711-d.html |
| 856 | 4 | 1 |
_3Table of contents only _uhttp://www.loc.gov/catdir/enhancements/fy0916/2009031711-t.html |
| 856 | 4 | 2 |
_3Contributor biographical information _uhttp://www.loc.gov/catdir/enhancements/fy1004/2009031711-b.html |
| 906 |
_a7 _bcbc _corignew _d1 _eecip _f20 _gy-gencatlg |
||
| 942 |
_2lcc _cBK _kFOR |
||
| 999 |
_c276777 _d276777 |
||